Le ricerche del bianco e nero : grafica e illustrazione in Italia dal 1900 agli anni cinquanta : incisioni, disegni, libri illustrati, cartelle, ex libris /

Guardado en:
Bibliografiske detaljer
Format: Bog
Sprog:italiensk
Fag:
Tags: Tilføj Tag
Ingen Tags, Vær først til at tagge denne postø!

MARC

LEADER 00000nam^a2200000^a^4500
001 000111711
005 20250521000000.0
009 20260310093841.081
037 |a Acervo ITESO - Biblioteca 
041 |a ITA 
082 |a 741. 05  |b RIC 1998 V. 5 T. 17 
245 1 3 |a Le ricerche del bianco e nero :  |b grafica e illustrazione in Italia dal 1900 agli anni cinquanta : incisioni, disegni, libri illustrati, cartelle, ex libris / 
264 |a Florencia, Italia :  |b Antica Libreria Antiquaria Luigi Gonnelli & Figli,  |c 1998 
300 |a 140 p. 
336 |a texto  |b txt  |2 rdacontenido 
337 |a sin mediación  |b n  |2 rdamedio 
338 |a volumen  |b nc  |2 rdasoporte 
649 |a XX 
650 |a Diseño -  |x Publicaciones Periódicas Italianas -  |x Tema Principal 
650 |a Ilustración (Diseño) -  |z Italia -  |x Historia -  |y Siglo XX 
650 |a Dibujo -  |z Italia 
650 |a Carteles -  |z Italia 
650 |a Diseño Editorial 
650 |a Diseño Gráfico 
650 |a Comunicación Visual 
650 |a Arte Italiano 
650 |a Publicaciones Periódicas Italianas 
910 |a Fondo General 
920 |a Impresos - Libros 
930 |a Reserva Especial 
905 |a 103 
901 |a 0500048546  |b IT1  |c REE  |u 20250521 
902 |a https://opac.biblio.iteso.mx/vufind/Record/000111711